000 002400000a22000970004500
100 1 _aDirksen, P. B.
245 1 0 _aSong of Songs 3:6-7
300 _aVol. 39, Num. 2 (Abril, 1989), Páginas 219-225
773 0 _tVetus Testamentum
942 _cANA
999 _c57502
_d57502